[Event "15th Kesan Open 2017"]
[Site "Kesan"]
[Date "2017.08.18"]
[Round "9.2"]
[White "Annaberdiev, Meilis"]
[Black "Markidis, Konstantinos"]
[Result "1-0"]
[WhiteElo "2487"]
[BlackElo "2350"]
[Annotator "TA"]
[PlyCount "159"]
[EventCountry "TUR"]
[SourceTitle "playchess.com"]
[Source "ChessBase"]
[SourceQuality "1"]

{[%evp 27,159,0,44,40,51,47,55,29,47,34,43,8,5,0,1,0,0,0,0,0,0,0,22,26,31,35,32,34,49,36,41,40,58,58,57,53,72,19,53,47,44,48,93,89,124,137,127,125,181,174,185,157,182,180,164,127,131,124,124,124,124,132,135,135,134,133,154,131,131,133,152,112,149,141,151,150,151,124,133,133,133,133,133,140,136,104,174,162,169,174,167,169,184,158,185,185,185,0,185,185,185,185,185,185,185,185,185,185,185,176,185,185,185,185,185,185,185,185,247,185,185,185,185,185,185,185,5327,4779,29980,29981,29981,29982,29982,-85]} 1. e4 e5 2. Nf3 Nc6 3. Bb5 {[%cal Bf1b5,Bb5a4,Ba4b3][%mdl 32]} a6 4. Ba4 Nf6 5. O-O Be7 6. d3 b5 7. Bb3 O-O 8. Re1 d6 9. c3 Na5 10. Bc2 c5 11. Nbd2 Re8 12. Nf1 h6 13. h3 Bf8 {C90: Closed Ruy Lopez with 7...d6: Early deviations} 14. d4 (14. Ne3 Nc6 15. a4 Be6 16. Bb3 Qd7 17. Nh2 Bxb3 18. Qxb3 Qe6 19. Qd1 d5 20. Nhg4 Nxg4 21. Qxg4 Qxg4 22. hxg4 d4 23. Nd5 Bd6 24. Bd2 Reb8 25. axb5 {½-½ (25) Almasi,Z (2710)-Fressinet,L (2696) Germany 2012}) 14... Nc6 {LiveBook: 10 Games} 15. d5 Ne7 {[%cal Bc6e7,Be7g6,Bg6f4][%mdl 32] White is slightly better.} 16. a4 Bd7 17. b4 $146 ({Predecessor:} 17. Be3 Qc8 18. Ng3 Qb7 19. b3 Reb8 20. Qd2 {0-1 (58) Babaev,R (2481)-Sturua,Z (2524) Dubai 2006}) 17... Qc7 18. bxc5 Qxc5 19. Re3 (19. Ba3 $5 {[%cal Ra3c5]} Qc7 20. axb5 $14) 19... Ng6 20. Ba3 Qc8 21. axb5 axb5 22. Kh2 Nf4 {[%cal Rd7h3] [#] Hoping for ...Bxh3!} 23. Ng1 Be7 24. Bb4 Ra6 25. Re1 Qa8 26. Ne3 Rc8 27. g3 {Black must now prevent Rxa6.} Ng6 28. Rxa6 Qxa6 29. Qa1 Ra8 30. Qxa6 Rxa6 31. Bd3 Ne8 32. Nc2 (32. c4 $16) 32... Nc7 33. Na3 Ra8 34. Rb1 Nh8 35. Nf3 {aiming for Nxe5!} Kf8 36. Nxe5 dxe5 37. d6 Ke8 (37... Ng6 $16 38. c4 (38. dxe7+ Nxe7 39. c4 Na6 $18) 38... Na6 39. dxe7+ Nxe7) 38. dxe7 $18 Ng6 39. c4 {[%cal Rc4b5]} bxc4 40. Nxc4 Nxe7 41. Nxe5 Nc6 42. Bd6 Nxe5 43. Bxe5 Ne6 44. Bc4 f6 45. Bd6 Rc8 46. Bd5 Nd8 47. Ra1 Nf7 48. Bf4 Bc6 49. Be6 Ra8 50. Rc1 Bd7 51. Bd5 Rc8 52. Bc7 {Threatens to win with Bb7.} Nd6 53. Rc5 Nb5 54. Bb6 Rxc5 55. Bxc5 $16 {[%mdl 4096] Endgame KBB-KBN} Nc7 56. Bb3 Bc6 (56... Ne6 $16 {is a better defense.}) 57. f3 $18 Bd7 58. Bb6 Ne6 59. h4 {[%cal Bh3h4,Bh4h5][%mdl 32]} Ke7 60. h5 Ng5 61. Bc5+ Ke8 {[#]} 62. Kg2 $2 (62. Bd1 $1 $18) 62... Be6 $2 (62... Bh3+ $1 $11 63. Kh2 Bf1) 63. Bc2 Bc4 {and the idea ...Be2 leaves Black hopeful.} 64. Kf2 Kf7 65. Bd4 Ba2 66. Ke3 Ne6 67. Bc3 Nc5 68. Bb4 Ne6 69. f4 Bc4 70. Bd6 Nf8 71. Ba4 Be6 72. Bd1 f5 (72... Bc8 $142 73. g4 Be6) 73. exf5 Bxf5 74. g4 Be6 75. g5 hxg5 76. fxg5 g6 $2 (76... Ba2 77. Be5 g6) 77. Bxf8 Kxf8 78. h6 {White mates.} Kg8 79. Bc2 Kh7 80. Ke4 $2 {[%mdl 32768] Precision: White = 71%, Black = 45%. . Sensor Board Error (Ke4/e5)?} (80. Kf4 {mates} Bc4 81. Ke5 Kh8 82. Kf6 Bf1 83. Bxg6 Be2 84. Be8 Kh7 85. Bg6+ Kh8 86. Be8) 1-0

[Event "15th Kesan Open 2017"]
[Site "Kesan"]
[Date "2017.08.18"]
[Round "9.4"]
[White "Rasulov, Vugar"]
[Black "Stefanov, Emil"]
[Result "1-0"]
[WhiteElo "2509"]
[BlackElo "2455"]
[Annotator "TA"]
[PlyCount "129"]
[EventCountry "TUR"]
[SourceTitle "playchess.com"]
[Source "ChessBase"]
[SourceQuality "1"]

{[%evp 16,129,-15,-14,4,-9,15,21,27,0,6,6,29,-12,10,-23,-24,-58,0,-20,-16,-33,-32,-54,-21,-35,-26,-28,-16,-18,-4,0,0,0,0,0,19,0,0,0,35,37,22,25,30,8,8,10,16,0,0,0,0,0,124,83,70,94,89,9,9,9,9,9,9,9,9,0,9,11,14,0,9,16,308,280,377,347,600,586,866,847,843,818,797,760,809,563,654,0,834,750,526,131,2585,1800,12829,12830,12826,12826,12840,12840,12841,790,12825,10514,12833,11470,8494,2806,12835,12835,12843,12843,12845,12845]} 1. Nf3 Nc6 2. c4 e5 3. Nc3 Nf6 4. d3 Bb4 5. e4 O-O 6. g3 d6 7. Bg2 Bg4 {A28: English Opening: Four Knights Variation} 8. h3 (8. O-O Nd4 9. a3 Bc5 10. b4 Bb6 11. Na4 Nxe4 12. h3 Bxf3 13. Bxf3 Nxf3+ 14. Qxf3 Bd4 15. Ra2 {½-½ (75) Burg,T (2508)-Khachiyan,M (2530) chess.com INT 2017}) 8... Bxf3 9. Bxf3 {LiveBook: 9 Games} a6 {The position is equal.} 10. O-O Bxc3 $146 ({Predecessor:} 10... Bc5 11. Bg2 Nd4 12. Kh2 b5 13. f4 exf4 14. gxf4 Rb8 15. cxb5 axb5 {1-0 (59) Schlemermeyer,W (2341)-Gaerths,R (2269) Berlin 2004}) 11. bxc3 b5 12. cxb5 axb5 13. Bg2 Qe7 14. f4 Nd7 15. f5 Rfb8 16. g4 f6 (16... b4 $15 17. cxb4 Rxb4) 17. Rf2 b4 18. cxb4 Rxb4 19. a3 Rba4 20. h4 Nd4 21. Rb1 R4a6 (21... R4a7 {with more complications.} 22. Bf1 c6 23. g5 Qf8 24. Rb4 Kh8) 22. Bf1 Rb6 23. Rxb6 cxb6 24. g5 Rc8 25. Be3 Kh8 (25... d5 $5) 26. Rg2 {[#]} d5 $1 {[%mdl 512]} 27. a4 (27. exd5 Nxf5) 27... Rc3 28. Qg4 Nc2 29. Bd2 Rc7 30. exd5 Qc5+ 31. Kh2 Qxd5 32. Qh5 Nd4 33. g6 {[%csl Gg6][%cal Rh5h7]} Qg8 $1 34. Be3 Nf8 (34... Nc2 $1 $11 {remains equal.} 35. gxh7 Qxh7 36. Qe8+ Qg8 37. Qh5+ Qh7 38. Qe8+ Qg8 39. Qh5+ Qh7) 35. Rb2 {And now a5 would win.} Qd5 36. Bg2 Qd6 {[#] Strongly threatening ...e4+.} 37. Be4 (37. a5 $1 $16) 37... Rc2+ $1 $11 38. Rxc2 Nxc2 39. Bf2 $36 {[%mdl 2048] White wants to play gxh7. White is pushing.} Nd4 40. gxh7 {With the idea Qf7.} Qd7 41. Kh3 Nxh7 42. Kg2 (42. Be3 {is more complex.} Kg8 43. Kg2 Nf8 44. Kg3 Nh7 45. Kh2) 42... Kg8 43. Bxd4 exd4 44. Qd1 {aiming for Qb3+.} Qd6 $2 {[%mdl 8192]} (44... Nf8 $11 {and Black stays safe.}) 45. Qb3+ $18 Kf8 46. Qc4 Qd8 $2 (46... Qf4 47. Qxd4 Qg4+ 48. Kf1 Qh3+ 49. Ke2 Qh2+ 50. Kd1 Qc7) 47. Kf3 Qd6 48. Qc8+ Ke7 49. Qg8 Nf8 50. Qxg7+ Kd8 51. Qg8 Ke7 52. Qg7+ Kd8 $1 {and the idea ...Nd7 leaves Black hopeful.} 53. h5 {[%cal Bh4h5,Bh5h6][%mdl 32]} Nd7 {[#]} 54. Qg1 $2 (54. Kg2 $1 $18 {is the precise move to win.}) 54... Nc5 $2 {[%mdl 8192]} (54... Qb4 $16 55. Kg3 Qb2) 55. h6 {White is clearly winning.} Nxe4 56. dxe4 {[%mdl 4096] Endgame KQ-KQ} ({Stronger than} 56. Kxe4 Qe5+ 57. Kf3 Qxf5+ 58. Ke2 Qh5+ 59. Ke1 Qe5+ 60. Kd2 Qa5+ 61. Ke2 Qh5+ 62. Ke1 Qe5+ 63. Kf1 Qf5+ 64. Ke2 Qh5+ $11) 56... Qa3+ 57. Kg4 Qd3 58. Qe1 Qc2 59. Kh5 (59. h7 $142 Qg2+ 60. Qg3 Qxe4+ 61. Qf4 Qg2+ 62. Kh5) 59... Qg2 60. Qh4 Ke7 61. Qg4 Qh2+ 62. Kg6 d3 63. e5 Qxe5 64. h7 Qb8 65. Qe4+ {Precision: White = 52%, Black = 31%.} 1-0

[Event "15th Kesan Open 2017"]
[Site "Kesan"]
[Date "2017.08.18"]
[Round "9.5"]
[White "Dimitrov, Atanas"]
[Black "Daghan, Devran"]
[Result "1-0"]
[WhiteElo "2317"]
[BlackElo "2039"]
[Annotator "TA"]
[PlyCount "97"]
[EventCountry "TUR"]
[SourceTitle "playchess.com"]
[Source "ChessBase"]
[SourceQuality "1"]

{[%evp 24,97,3,8,3,20,29,18,19,22,18,20,18,33,39,33,38,32,43,43,75,48,37,32,67,39,35,43,29,29,118,120,581,570,582,581,562,556,565,556,535,408,402,402,408,408,401,391,422,428,441,431,552,542,526,512,1317,1228,856,811,6095,6095,6094,6094,6087,5918,2972,2328,6087,1171,29948,29949,29949,29947,6242,6086]} 1. Nf3 Nf6 2. g3 d5 3. Bg2 e6 4. O-O Be7 5. d3 c5 6. Nbd2 Nc6 7. e4 O-O 8. Re1 Qc7 9. c3 b6 10. e5 Nd7 11. Qe2 Bb7 12. Nf1 {C00: French: Unusual White 2nd moves} (12. h4 b5 13. Nf1 b4 14. h5 bxc3 15. bxc3 Ba6 16. h6 g6 17. Bf4 Qa5 18. Rac1 c4 19. d4 Ba3 {1-0 (31) Hera,I (2611)-Ganguly,S (2658) Biel 2017}) 12... Rae8 13. Bf4 {LiveBook: 4 Games} Qd8 14. h4 {[%cal Bh2h4,Bh4h5,Bh5h6][%mdl 32] The position is equal.} b5 15. N1h2 $146 ({Predecessor:} 15. Bh3 Nb6 16. d4 a6 17. Red1 Bc8 18. Rac1 c4 19. Ne3 f5 {1-0 (42) Neumann,C (2232)-Nigl,A (2123) Germany 2004}) 15... b4 16. Ng4 bxc3 17. bxc3 Qa5 18. Rec1 Ba6 19. h5 Rb8 20. h6 {hxg7 is the strong threat.} g6 21. Bg5 Qa3 22. Rc2 Qa4 23. Bxe7 Nxe7 24. c4 Nf5 25. Rac1 Rb4 26. Qd2 dxc4 (26... Qa3 $11 {remains equal.}) 27. dxc4 $16 {And now Qxd7! would win.} Rxc4 $2 {[%mdl 8192]} (27... Kh8 $16) 28. Rxc4 $18 Bxc4 {[#]} 29. Qxd7 $1 {[%mdl 512]} Qxd7 30. Nf6+ Kh8 31. Nxd7 Rd8 32. Rxc4 Rxd7 33. Rxc5 {Threatening mate with Rc8+.} Nxh6 34. Bf1 Kg7 35. Kg2 Ng4 36. Bb5 Rd8 37. a4 h6 38. Nh2 Nxh2 39. Kxh2 Rd5 (39... a5 $142 40. Rc7 g5) 40. Rxd5 exd5 {[%mdl 4096] Endgame KB-KP} 41. Kg2 f6 42. e6 {White wants to mate with e7.} Kf8 43. Bc6 d4 44. Kf3 Ke7 45. Bd5 f5 46. Ke2 g5 47. Kd3 h5 48. Kxd4 Kd6 {[#]} 49. e7 $1 {Precision: White = 86%, Black = 39%.} 1-0

[Event "15th Kesan Open 2017"]
[Site "Kesan"]
[Date "2017.08.18"]
[Round "9.6"]
[White "Annaberdiyev, Babageldi"]
[Black "Sat, Eray"]
[Result "1-0"]
[WhiteElo "2223"]
[BlackElo "1826"]
[Annotator "TA"]
[PlyCount "81"]
[EventCountry "TUR"]
[SourceTitle "playchess.com"]
[Source "ChessBase"]
[SourceQuality "1"]

{[%evp 20,81,-4,-9,0,0,9,-9,0,-11,-16,-45,-45,-55,-45,-44,-38,-43,-46,-52,-45,-77,-46,-91,-45,-55,-14,-50,-54,-74,-66,-74,-53,-76,-52,-68,-46,-48,-42,-85,0,-47,0,-64,0,-85,-13,-43,-29,-43,-43,-43,0,-28,0,-67,14,-35,-31,-89,872,856,29998,29999]} 1. e4 c5 2. Nf3 d6 3. Bb5+ Bd7 4. Bxd7+ Qxd7 5. O-O Nf6 6. Re1 e6 7. c3 Be7 8. d3 {[%cal Bd2d3,Bd3d4][%mdl 32]} O-O 9. Nbd2 Nc6 10. Nf1 b5 11. Ng3 {LiveBook: 11 Games} Rfe8 $146 {B52: Sicilian: Moscow Variation with 3...Bd7} ({Find the theoretical novelty and annotate with similar games:} 11... b4 12. d4 bxc3 13. bxc3 cxd4 14. cxd4 Rfc8 15. Bd2 d5 16. e5 Ne8 17. Rb1 a5 18. Bg5 Nb4 19. Bxe7 Qxe7 {0-1 (40) Liang,J (2476)-Zhou,J (2612) China 2008}) 12. d4 h6 13. Qe2 a6 {The position is equal.} 14. e5 Nd5 15. Nh5 cxd4 16. cxd4 Bf8 17. Qe4 dxe5 18. dxe5 Nce7 19. Bd2 Rac8 20. Rad1 Rc4 21. Qe2 Ng6 {[#]} 22. Bxh6 $1 {[%mdl 512]} Qa7 ({But not} 22... gxh6 $2 {[#]} 23. Rxd5 $1 {[%mdl 512]} Qc8 24. Nf6+ Kh8 25. Rd6 $18) 23. Be3 Nxe3 24. fxe3 Qc7 25. Rf1 Nxe5 26. Nd4 Qe7 27. Ng3 Rec8 28. Qh5 Ng6 29. Qf3 Ne5 30. Qh5 Ng6 31. Qf3 Ne5 ({Black should play} 31... Nh4 $15 32. Qf2 Qb7) 32. Qe2 (32. Qh5 $11 f5 33. Nge2) 32... R8c7 (32... Qg5 $17 {Threatens to win with ...Ng4.} 33. Nf3 Nxf3+ 34. Qxf3 R8c7) 33. b3 R4c5 $1 34. Ne4 Rd5 $1 35. Qf2 Ng4 36. Qg3 f5 37. Nf2 (37. h3 $11) 37... Nf6 ({Black should try} 37... Nxf2 $15 38. Qxf2 Qf6) 38. Nd3 {aiming for Nf4.} (38. Nxe6 $5 Rxd1 39. Nxd1 $11 (39. Rxd1 Rc3 $17)) 38... Ne4 39. Qg6 (39. Qf3 $15) 39... e5 $2 {[%mdl 8192]} (39... Rd6 $17 40. Nf4 Qf7 41. Qxf7+ Kxf7) 40. Nxf5 $18 Qd7 41. Nh6+ {Precision: White = 43%, Black = 30%.} 1-0

[Event "15th Kesan Open 2017"]
[Site "Kesan"]
[Date "2017.08.18"]
[Round "9.7"]
[White "Aliyev, Elnur"]
[Black "Tereladze, Sopiko"]
[Result "1-0"]
[WhiteElo "2150"]
[BlackElo "2172"]
[Annotator "TA"]
[PlyCount "157"]
[EventCountry "TUR"]
[SourceTitle "playchess.com"]
[Source "ChessBase"]
[SourceQuality "1"]

{[%evp 9,157,-53,-52,-47,-42,-57,-46,-44,0,0,6,-18,6,0,0,0,0,0,0,0,0,-7,-10,-9,112,108,145,68,66,26,99,107,108,103,120,0,105,82,90,30,36,37,37,40,80,77,155,160,161,157,145,132,147,135,150,134,125,135,203,202,183,192,361,346,372,363,354,342,335,310,290,286,257,197,195,89,172,89,141,148,140,135,174,134,230,223,253,153,189,189,189,189,189,189,189,0,189,0,189,189,189,189,189,189,189,189,189,189,189,127,189,69,85,0,189,189,209,59,112,106,114,70,165,0,12838,12840,12841,12841,12841,12842,12842,12843,12844,12843,12844,12844,12845,12845,12845,12842,12841,12839,12841,12842,12842,12842,12843,12843,12844,12844]} 1. Nf3 d5 2. g3 Nc6 3. Bg2 e5 {[%cal Be7e5,Be5e4][%mdl 32]} 4. d4 (4. O-O e4 5. Ne1 Nf6 6. d3 Bf5 7. c3 Qd7 8. Bg5 O-O-O 9. dxe4 dxe4 10. Qxd7+ Rxd7 11. Bxf6 gxf6 12. Nc2 Kb8 {1-0 (41) Petrosian,T (2592)-Sadorra,J (2587) chess.com INT 2017}) 4... e4 5. Ne5 Nce7 $1 6. f3 {A07: Réti Opening: New York and Capablanca Systems} f6 7. Ng4 Bxg4 $1 8. fxg4 {Black is slightly better.} Qd7 {[#]} 9. c4 $1 {[%mdl 512]} Qxg4 $146 (9... dxc4 10. Bxe4) ({Predecessor:} 9... h5 10. cxd5 hxg4 11. Bxe4 {1-0 (53) Emrich,E (2015)-Silin,V (2289) ICCF email 2010}) 10. cxd5 {Nc3 is the strong threat.} Nxd5 11. Qa4+ c6 12. Nc3 Bb4 13. O-O Bxc3 14. bxc3 Nxc3 15. Qb3 $132 {[%mdl 2048] White is fighting back} Nxe2+ 16. Kh1 Ne7 (16... O-O-O $11 {keeps the balance.} 17. Rb1 b6) 17. Ba3 $1 $16 Qd7 18. Bxe7 (18. Qe3 $16) 18... Qxe7 19. Qc4 {Strongly threatening Rae1.} Nxg3+ (19... O-O-O $1 $11 20. Qxe2 Rxd4) 20. hxg3 Qf7 21. Qb4 {[%mdl 1024] White has strong compensation.} Qe7 22. Qc4 Qf7 $1 {[%cal Rf7c4]} 23. Qc5 {Hoping for Rae1.} Qe7 24. Rab1 (24. Qxe7+ $16 Kxe7 25. Rab1 (25. Bxe4 Rae8 $14)) 24... Qxc5 $1 $11 25. dxc5 O-O-O 26. Bxe4 Kc7 27. Rb4 b5 (27... Rd2 $142) 28. cxb6+ $1 $16 axb6 29. Rfb1 Rhe8 30. Bg2 (30. Bxh7 $6 Rh8 $14) 30... Rb8 31. Rc4 Re6 32. Rbc1 {[%cal Rg2c6]} c5 33. Ra4 {Black must now prevent Ra7+.} b5 (33... Kd8 $16) 34. Ra7+ $18 Kb6 35. Rxg7 c4 $2 (35... Ree8 36. Rf1 (36. Rxh7 Rh8 $16) 36... c4 37. Rxf6+ Kc5 38. Rxh7 Rf8 39. Rc7+ Kd4 40. Rd6+ Kc3) 36. a4 (36. Rxh7 Rbe8 $16) 36... Re3 37. axb5 Kxb5 38. Bf1 (38. Rxh7 Kb4 $18) 38... Rc8 39. Rb7+ Kc6 40. Rb4 Kd6 41. Rb6+ (41. Rcxc4 Rxc4 42. Rxc4 (42. Bxc4 Kc5 $16) 42... Rxg3 $16) 41... Ke7 42. Kh2 (42. Rxc4 Rxc4 43. Bxc4 Rxg3 $16) (42. Rb7+ $1 $18 {has better winning chances.} Kd6 43. Bxc4) 42... c3 (42... f5 $16 {keeps fighting.}) 43. Rc2 (43. Rb7+ $1 $18 Kd6 44. Rd1+ (44. Rxh7 c2 $14) 44... Ke6 45. Bh3+ (45. Rxh7 c2 $11) 45... f5 46. Rb6+ (46. Rxh7 c2 $17) 46... Ke7 47. Bxf5) 43... Rc7 ({Black should try} 43... f5) 44. Kg2 $16 Re5 45. Bd3 h5 46. Rb4 Kd6 (46... Rec5 $16 47. Kf3 Kf7) 47. Rf4 $18 Ke7 48. Kf2 Kf7 49. Bc4+ Kg7 50. Rxc3 Rec5 51. Re4 Kh6 52. Ke3 $2 (52. Rh4 $18) 52... Kg5 $2 (52... Re5 $11 {and Black has nothing to worry.}) 53. Rc2 $2 (53. Rf4 $18) 53... R5c6 $2 (53... Re5 $11 {and Black stays safe.}) 54. Rh4 f5 55. Rf4 Re7+ 56. Kf3 Rec7 57. Kf2 Rc5 58. Ke3 R5c6 59. Kd2 (59. Kf3 $18) 59... Rd7+ (59... Rh7 $16) 60. Kc3 (60. Ke2 $18) 60... Re7 $14 61. Kd2 (61. Rcf2 $16) 61... Rd6+ $2 {[#]} (61... Rd7+ $11 {and Black is okay.} 62. Ke3 Rdc7) 62. Bd3 $1 $18 {aiming for Rc5.} Re4 {[#]} 63. Rf1 ({Worse is} 63. Rxe4 fxe4 64. Rc4 Rxd3+ 65. Ke2 Kf5 $17) (63. Rc8 $1 $18) 63... Red4 (63... Kg4 $14) 64. Rc3 $16 ({Don't play} 64. Rxf5+ $6 Kg4 $11) 64... R6d5 65. Ke3 h4 (65... Rg4 $14) 66. Rf4 $2 ({White should play} 66. Rxf5+ $1 $18 Rxf5 67. Bxf5 (67. Kxd4 Ra5 $14)) 66... Rxf4 $4 {[%mdl 8192]} (66... Rxd3+ $11 67. Rxd3 Rxd3+ 68. Kxd3 hxg3) 67. gxf4+ $11 {[%mdl 4096] Endgame KRB-KR. White is clearly winning.} Kg4 68. Rc8 Ra5 69. Rg8+ Kh3 70. Rg5 Kh2 71. Rxf5 Ra3 72. Rg5 h3 73. f5 {Intending f6 and mate.} Kh1 74. Kd4 Ra4+ 75. Kd5 h2 76. Rh5 Ra5+ 77. Kd4 Kg1 78. Be4 Ra4+ 79. Ke5 {Precision: White = 56%, Black = 42%.} 1-0

[Event "15th Kesan Open 2017"]
[Site "Kesan"]
[Date "2017.08.18"]
[Round "9.8"]
[White "Grigoriev, Armen"]
[Black "Seyhanoglu, Deniz"]
[Result "0-1"]
[WhiteElo "2160"]
[BlackElo "2060"]
[Annotator "TA"]
[PlyCount "172"]
[EventCountry "TUR"]
[SourceTitle "playchess.com"]
[Source "ChessBase"]
[SourceQuality "1"]

{[%evp 21,172,3,10,0,15,4,19,9,38,12,48,39,41,28,26,0,15,24,40,37,64,0,50,-2,31,-12,92,12,60,-22,57,-5,27,-28,-16,-21,-30,-40,-8,-28,-18,-30,-30,-30,-19,-30,-24,-20,-21,-14,-1,-82,-38,-105,-100,-126,-131,-131,-127,-130,-130,-122,-122,-125,-120,-135,-128,-127,-121,-141,-126,-139,-112,-138,-137,-210,-129,-153,-148,-198,-177,-181,-139,-137,-143,-227,-82,-62,-78,-151,-147,-210,-191,-208,0,-173,0,-191,-165,-145,-137,-131,-128,-130,-128,-122,-116,-234,-218,-252,-230,-262,-254,-250,-250,-265,-265,-258,-241,-233,-194,-293,-335,-379,-348,-670,-670,-1729,-1847,-3087,-2415,-3466,-2773,-29974,-29973,-29979,-29981,-29981,-29982,-29983,-29984,-29984,-29983,-29988,-29989,-29990,-29991,-29991,-29992,-29992,-29993,-29997,-5393]} 1. Nf3 c5 2. b3 b6 3. Bb2 Bb7 4. e3 e6 5. d4 Nf6 6. Nbd2 Be7 7. Bd3 O-O 8. O-O d6 9. Qe2 Nbd7 10. c4 Qc7 11. Rad1 {E14: Queen's Indian: Classical Variation (4 e3)} Rfe8 {LiveBook: 17 Games} 12. Nb1 Rac8 $146 ({Predecessor:} 12... Nf8 13. Nc3 Rad8 14. Bb1 Ng6 15. d5 exd5 16. Nxd5 Nxd5 17. cxd5 a6 18. Qc2 Qd7 19. h3 {1-0 (44) Mufic,G (2305)-Klovans,J (2440) Pardubice 2009}) 13. Nc3 {The position is equal.} cxd4 14. Nxd4 Qb8 15. Bb1 Qa8 16. f3 a6 17. Rfe1 Qb8 18. Rd2 Bd8 19. Qf2 Ne5 20. Red1 Bc7 21. Nce2 (21. h3 $14) 21... Ng6 22. Ng3 (22. g4 $14) 22... Ba8 23. Nf1 Red8 (23... b5 $11) 24. Ne2 (24. f4 $1 $16) 24... d5 25. cxd5 (25. Bxf6 $1 $14 gxf6 26. h4) 25... Nxd5 (25... Rxd5 $11 26. h4 Rxd2 27. Rxd2 Bd8) 26. Neg3 ({Better is} 26. h4 $14) 26... Nde7 27. Be4 ({White should play} 27. f4) 27... Bxe4 28. Nxe4 Rxd2 29. Rxd2 Rd8 30. Rc2 Nd5 {[%cal Be7d5,Bd5f4,Bf4d3][%mdl 32]} 31. Qe1 b5 32. Nc5 Bb6 33. b4 Qa7 34. a3 Rc8 35. e4 Ndf4 {next ...Nd3 is good for Black.} 36. Kh1 (36. Bd4 $11 {keeps the balance.}) 36... e5 (36... Nd3 {is more complex.} 37. Qc3 Nxb2 38. Qxb2 Bxc5 39. bxc5 f6) 37. Qc1 (37. Bc1 $15) 37... Bxc5 $1 $17 38. Rxc5 Rxc5 39. Qxc5 Qxc5 40. bxc5 {[%mdl 4096] Endgame KBN-KNN} Nd3 41. Bc3 Nxc5 42. Ne3 f6 43. g3 Nf8 44. Kg2 Kf7 45. Kf1 Nfd7 46. Ke2 Ke6 47. Bb4 Nb3 48. f4 (48. Kd3 $17) 48... Nb6 49. f5+ Kf7 50. g4 a5 51. Bc3 Ke7 52. g5 Kd6 53. h4 (53. Ng4 $17 {is a better defense.}) 53... Nd4+ (53... Na4 $19 54. Nd5 Nxc3+ 55. Nxc3 Nd4+ 56. Kd2 fxg5 57. hxg5 b4 58. axb4 axb4) 54. Kd3 Nc6 55. Ng4 ({White should try} 55. g6 h6 56. Bd2) 55... Nd7 56. Bd2 (56. Nf2 $17) 56... Nc5+ 57. Ke3 Nd7 58. Kd3 $1 Nc5+ 59. Ke3 Ke7 60. Nf2 Nb3 61. Bc3 Nbd4 {Threatens to win with ...Nc2+.} 62. Kd3 fxg5 63. hxg5 Nf3 64. Ng4 {[#]} (64. Nh3 $17) 64... Kd6 $1 $19 ({Less strong is} 64... Nxg5 65. Nxe5 Nxe5+ 66. Bxe5 $11) 65. g6 hxg6 66. fxg6 Nh4 67. Ne3 Ke6 68. Nd5 Nxg6 69. Nc7+ {[#]} Kd6 $1 70. Nxb5+ Kc5 71. Nc7 (71. a4 $142) 71... Nf4+ 72. Ke3 Kc4 73. Bxe5 $2 (73. Ba1) 73... Ng2+ ({Stronger than} 73... Nxe5 74. Kxf4 Nc6 75. e5 $15) 74. Kf2 {Black must now prevent Bg3.} Nxe5 75. Kxg2 {KN-KN} Kb3 76. Ne6 Kxa3 77. Nxg7 a4 {Black mates.} 78. Ne6 Kb2 79. Kg3 a3 80. Kf4 Nc6 81. Nc5 a2 82. Nd3+ Kc3 83. Ke3 a1=Q 84. e5 Qg1+ 85. Nf2 Nd4 86. e6 Qe1+ {Precision: White = 21%, Black = 47%.} (86... Qg5+ $142 87. Ke4 Qf5+ 88. Ke3 Qf3#) 0-1

[Event "15th Kesan Open 2017"]
[Site "Kesan"]
[Date "2017.08.18"]
[Round "9.9"]
[White "Ozsakallioglu, Akin"]
[Black "Savchenko, Boris"]
[Result "0-1"]
[WhiteElo "1849"]
[BlackElo "2602"]
[Annotator "TA"]
[PlyCount "102"]
[EventCountry "TUR"]
[SourceTitle "playchess.com"]
[Source "ChessBase"]
[SourceQuality "1"]

{[%evp 25,102,32,29,18,11,1,28,-47,-37,-39,-9,-39,-44,-63,-63,-64,-56,-71,-31,-40,-23,-27,-20,-22,-17,-34,-23,-35,-6,-16,-17,-21,-22,-43,-31,-50,-7,-50,-27,-127,-127,-128,-128,-128,-128,-128,-128,-135,-135,-135,-135,-240,-135,-378,-378,-378,-31,-46,0,-352,-341,-378,-378,-364,0,-353,0,-349,-296,-612,-608,-504,-535,-1195,-1072,-29975,-29976,-29976,-29977]} 1. e4 c5 2. Nf3 g6 3. d4 cxd4 4. Nxd4 Nc6 5. c4 Nf6 6. Nc3 d6 7. Be2 Nxd4 8. Qxd4 Bg7 9. Be3 O-O 10. Qd2 a5 11. f3 a4 12. O-O Qa5 13. Rac1 Be6 {LiveBook: 81 Games} 14. b3 {B36: Sicilian: Maroczy Bind: Gurgenidze System} (14. Nd5 Qxd2 15. Nxe7+ Kh8 16. Bxd2 Rfe8 17. Nd5 Nxd5 18. cxd5 Bxd5 19. Bb5 Re5 20. Bc4 Bxc4 21. Rxc4 Rc5 22. Rxc5 {½-½ (32) Lupulescu,C (2631)-Mista,A (2606) Poland 2017}) 14... axb3 15. axb3 Rfc8 16. Nd5 $146 (16. f4 $11) ({Predecessor:} 16. Rfd1 Qb4 17. Nd5 Qxd2 18. Bxd2 Nxd5 19. cxd5 Bd7 20. Rxc8+ Rxc8 21. Rc1 Rxc1+ 22. Bxc1 {½-½ (29) Wisniowska,K (1961)-Ibrahimova,S (2021) Moscow 2010}) 16... Qxd2 $15 17. Bxd2 Kf8 18. Nxf6 Bxf6 19. Bc3 Bxc3 20. Rxc3 Ra2 21. Kf2 Rca8 (21... b5 $5) 22. Rfc1 R8a3 23. b4 $1 Ra4 24. b5 b6 25. Ke3 f5 26. R1c2 Ra1 27. Rc1 Rxc1 28. Rxc1 $11 {[%mdl 4096] Endgame KRB-KRB} Ra3+ 29. Bd3 f4+ 30. Kd2 Kf7 31. Rc3 (31. e5 $5) 31... Ra1 {Strongly threatening ...Rg1.} 32. Rc1 (32. e5 $1 $11) 32... Rxc1 $1 $17 33. Kxc1 {KB-KB} Kf6 {Threatens to win with ...Ke5.} 34. Kd2 Ke5 {Hoping for ...Kd4.} 35. Kc3 g5 36. h3 h6 37. Bc2 Bd7 38. Bd3 (38. Bb3 $17) 38... e6 $1 $19 39. Be2 $2 (39. Bc2 $17) 39... d5 $1 40. Bd3 Be8 $2 ({Black should play} 40... h5 $1 $19 41. Be2 Bc8) 41. Bc2 $1 $15 h5 {[#]} 42. Bb1 $2 {[%mdl 8192] [#]} (42. c5 $1 $11 {[%mdl 512]} Bxb5 (42... bxc5 43. Ba4) 43. cxb6) 42... Bd7 $1 $19 43. Bd3 Bc8 44. Bc2 Bd7 45. Bd3 Bc8 46. Bc2 $1 Bb7 47. Bd3 $2 (47. cxd5 exd5 48. exd5) 47... dxe4 48. fxe4 g4 49. hxg4 hxg4 {[%cal Bh5g4,Bg4g3][%mdl 32]} 50. Bc2 g3 51. Bd3 f3 {Precision: White = 30%, Black = 52%.} 0-1